[Event "Ljubljana-chT 75th"]
[Site "Ljubljana"]
[Date "2023.01.19"]
[Round "2.4"]
[White "Sever, Gasper"]
[Black "Lapanje, Ajda"]
[Result "1-0"]
[WhiteElo "1277"]
[BlackElo "1022"]
[PlyCount "75"]
[EventDate "2023.01.12"]
[EventType "team-swiss"]
[EventRounds "9"]
[EventCountry "SLO"]
[SourceTitle "EXT 2024"]
[Source "ChessBase"]
[SourceDate "2023.10.10"]
[SourceVersion "1"]
[SourceVersionDate "2023.10.10"]
[SourceQuality "1"]
[WhiteTeam "Vrhnika"]
[BlackTeam "Komenda Popotnik"]
[WhiteTeamCountry "SLO"]
[BlackTeamCountry "SLO"]

1. e4 e5 2. Nf3 Nc6 3. Bb5 Bb4 4. c3 Bc5 5. 0-0 d6 6. d4 exd4 7. cxd4 Bb6 8. d5 a6 9. Ba4 Bd7 10. dxc6 Bxc6 11. Bb3 Nf6 12. Nc3 0-0 13. Qc2 d5 14. exd5 Bxd5 15. Bxd5 Nxd5 16. Rd1 c6 17. Nxd5 cxd5 18. Qd3 Qc7 19. b3 Rad8 20. Bb2 f6 21. Nd4 Qd6 22. Re1 Rd7 23. Re6 Qc5 24. Rc1 Qb4 25. a3 Qa5 26. b4 Qa4 27. Rxb6 Re7 28. Nf5 Rd7 29. Rc5 Rfd8 30. Ra5 Qxa5 31. bxa5 Re8 32. Kf1 Rc8 33. Rxb7 Rxb7 34. Nd6 Rxb2 35. Qxd5+ Kh8 36. Nf7+ Kg8 37. Nh6+ Kh8 38. Qg8+ 1-0

[Event "SLO-ch Qual (Women)"]
[Site "Komenda"]
[Date "2019.03.09"]
[Round "2.3"]
[White "Macek, Inti"]
[Black "Lapanje, Ajda"]
[Result "1-0"]
[WhiteElo "1085"]
[BlackElo "1157"]
[PlyCount "85"]
[EventDate "2019.03.08"]
[EventType "tourn"]
[EventRounds "5"]
[EventCountry "SLO"]
[SourceTitle "EXT 2024"]
[Source "ChessBase"]
[SourceDate "2023.10.10"]
[SourceVersion "1"]
[SourceVersionDate "2023.10.10"]
[SourceQuality "1"]

1. d4 d5 2. c4 dxc4 3. Nc3 Nc6 4. Nf3 Nf6 5. e4 Bg4 6. Bxc4 e6 7. Be3 Bb4 8. e5 Nd7 9. 0-0 0-0 10. h3 Bh5 11. Ne4 Nb6 12. Be2 Nd5 13. Nfd2 Bxe2 14. Qxe2 Nce7 15. Bg5 h6 16. Bh4 Qd7 17. Qg4 Nf5 18. Bf6 g6 19. Nb3 Be7 20. Nbc5 Qe8 21. Nxe6 fxe6 22. Bxe7 Nfxe7 23. b4 a6 24. Qxe6+ Qf7 25. Qg4 a5 26. Nc5 Nb6 27. Ne6 Rfc8 28. Rfe1 Qf5 29. Qxf5 gxf5 30. Re3 Nbd5 31. Rg3+ Kf7 32. Nc5 Rab8 33. e6+ Ke8 34. Rg7 b6 35. Nd7 Rb7 36. Rf7 Ng6 37. Rg7 Nf8 38. Re1 c6 39. Nf6+ Kd8 40. Rxb7 b5 41. e7+ Nxe7 42. Rexe7 Ng6 43. Re8# 1-0

[Event "Ljubljana-chT 72nd 1st League"]
[Site "Ljubljana"]
[Date "2019.02.07"]
[Round "4.4"]
[White "Beganovic, Ajdin"]
[Black "Lapanje, Ajda"]
[Result "0-1"]
[WhiteElo "1447"]
[BlackElo "1131"]
[PlyCount "88"]
[EventDate "2019.01.10"]
[EventType "team-tourn"]
[EventRounds "9"]
[EventCountry "SLO"]
[SourceTitle "EXT 2024"]
[Source "ChessBase"]
[SourceDate "2023.10.10"]
[SourceVersion "1"]
[SourceVersionDate "2023.10.10"]
[SourceQuality "1"]
[WhiteTeam "Ljubljana SK"]
[BlackTeam "Komenda Pogi"]
[WhiteTeamCountry "SLO"]
[BlackTeamCountry "SLO"]

1. e4 e5 2. Nc3 Nf6 3. Bc4 Bc5 4. d3 h6 5. Nf3 Nc6 6. 0-0 d6 7. Qe2 Bg4 8. h3 Bh5 9. Be3 Bb6 10. Rad1 0-0 11. Nd5 Nxd5 12. Bxd5 Qd7 13. c3 Rab8 14. Kh1 Ne7 15. c4 Ng6 16. Rg1 Nh4 17. g4 Nxf3 18. Qxf3 Bg6 19. d4 c6 20. c5 cxd5 21. Qg3 Bxe4+ 22. Kh2 Bd8 23. h4 Be7 24. g5 Qe6 25. gxh6 g6 26. h5 Qf6 27. hxg6 fxg6 28. f3 Bxf3 29. Rdf1 Qh4+ 30. Qxh4 Bxh4 31. Rxg6+ Kh7 32. Rg7+ Kh8 33. cxd6 e4 34. Rfg1 Bf6 35. R7g6 Bh5 36. R6g2 Rg8 37. Bf4 Bxd4 38. Rxg8+ Rxg8 39. Rxg8+ Kxg8 40. d7 Bb6 41. Be3 Bc7+ 42. Kh3 Bf7 43. Bf4 Be6+ 44. Kg2 Bd8 0-1

[Event "SLO-chT1 Central 19th"]
[Site "Slovenia"]
[Date "2018.09.27"]
[Round "3.4"]
[White "Banko, Franci"]
[Black "Lapanje, Ajda"]
[Result "1-0"]
[WhiteElo "1388"]
[BlackElo "1155"]
[PlyCount "93"]
[EventDate "2018.09.13"]
[EventType "team-tourn"]
[EventRounds "9"]
[EventCountry "SLO"]
[SourceTitle "EXT 2021"]
[Source "ChessBase"]
[SourceDate "2020.10.23"]
[SourceVersion "1"]
[SourceVersionDate "2020.10.23"]
[SourceQuality "1"]
[WhiteTeam "Trzin Pekos Pub"]
[BlackTeam "Komenda Pogi"]
[WhiteTeamCountry "SLO"]
[BlackTeamCountry "SLO"]

1. d4 d5 2. Nf3 Nc6 3. c4 e6 4. Nc3 Nf6 5. Bg5 h6 6. Bf4 Bd6 7. Ne5 0-0 8. cxd5 exd5 9. Nxc6 bxc6 10. Qd2 Bf5 11. Bxd6 Qxd6 12. e3 Rab8 13. b3 c5 14. Bd3 Bxd3 15. Qxd3 c4 16. bxc4 dxc4 17. Qxc4 Rb4 18. Qd3 Rb2 19. 0-0 Ng4 20. g3 Rfb8 21. Rab1 Qa3 22. Rxb2 Rxb2 23. h3 Nf6 24. Rd1 Qa5 25. e4 Nh5 26. e5 c5 27. d5 Qb6 28. d6 c4 29. Qe3 Qa5 30. d7 Rb8 31. e6 fxe6 32. Qxe6+ Kh7 33. Qe4+ Kg8 34. Qe8+ Kh7 35. Qxb8 Nxg3 36. Qxg3 Qd8 37. Qe5 a6 38. Qe8 Qg5+ 39. Kf1 Qh4 40. Qe4+ Qxe4 41. Nxe4 c3 42. Nxc3 a5 43. d8Q a4 44. Qd3+ Kh8 45. Re1 Kg8 46. Qg6 a3 47. Re8# 1-0

[Event "SLO-chT1 Central 19th"]
[Site "Slovenia"]
[Date "2018.09.20"]
[Round "2.4"]
[White "Lapanje, Ajda"]
[Black "Novakovic, Novica"]
[Result "0-1"]
[WhiteElo "1155"]
[BlackElo "1686"]
[PlyCount "90"]
[EventDate "2018.09.13"]
[EventType "team-tourn"]
[EventRounds "9"]
[EventCountry "SLO"]
[SourceTitle "EXT 2021"]
[Source "ChessBase"]
[SourceDate "2020.10.23"]
[SourceVersion "1"]
[SourceVersionDate "2020.10.23"]
[SourceQuality "1"]
[WhiteTeam "Komenda Pogi"]
[BlackTeam "Ljubljana Karel Jeraj"]
[WhiteTeamCountry "SLO"]
[BlackTeamCountry "SLO"]

1. e4 c6 2. Nf3 d5 3. exd5 cxd5 4. d4 Nf6 5. Bf4 Bg4 6. h3 Bh5 7. Be2 e6 8. a3 Nc6 9. Nc3 a6 10. 0-0 Qb6 11. Bg3 Bxf3 12. Bxf3 Nxd4 13. Be2 Nxe2+ 14. Qxe2 Bd6 15. Bxd6 Qxd6 16. Rae1 0-0 17. Qf3 Rac8 18. Qd3 Rc4 19. Re3 Qf4 20. Rf3 Qd4 21. Qe2 Ne4 22. Nxe4 Qxe4 23. Qd2 Qxc2 24. Qxc2 Rxc2 25. b4 Rfc8 26. Kh2 R2c3 27. Re3 Rxe3 28. fxe3 Rc3 29. a4 Rc4 30. Rb1 g6 31. a5 Rc3 32. Re1 Rb3 33. Rc1 Rxb4 34. Rc8+ Kg7 35. Rc7 Rb5 36. Kg3 Rxa5 37. Rxb7 Ra3 38. Kf3 d4 39. Rb6 Rxe3+ 40. Kf2 Ra3 41. Rd6 d3 42. Kg1 e5 43. Rd5 e4 44. Rd4 e3 45. Kf1 Ra1# 0-1

[Event "SLO-CupT"]
[Site "Komenda"]
[Date "2018.06.03"]
[Round "5.2"]
[White "Lapanje, Ajda"]
[Black "Paternoster, Janez"]
[Result "0-1"]
[WhiteElo "1248"]
[BlackElo "1679"]
[PlyCount "94"]
[EventDate "2018.06.01"]
[EventType "team-swiss"]
[EventRounds "5"]
[EventCountry "SLO"]
[SourceTitle "EXT 2020"]
[Source "ChessBase"]
[SourceDate "2019.10.17"]
[SourceVersion "1"]
[SourceVersionDate "2019.10.17"]
[SourceQuality "1"]
[WhiteTeam "Komenda Pogi"]
[BlackTeam "Meneges Trzin"]
[WhiteTeamCountry "SLO"]
[BlackTeamCountry "SLO"]

1. e4 e5 2. Nf3 Nc6 3. Bc4 Bc5 4. d3 Nf6 5. Bg5 d6 6. h3 h6 7. Bh4 Be6 8. Bb3 Qe7 9. Nc3 g5 10. Bg3 0-0-0 11. Qd2 a6 12. 0-0-0 Nh5 13. Bh2 Ng7 14. Bxe6+ Qxe6 15. a3 f5 16. Na4 Ba7 17. Kb1 Rdf8 18. Rhf1 Rf7 19. Bg1 Qd7 20. Nc3 g4 21. Nh4 Rh7 22. Nd5 Ne7 23. f3 Bxg1 24. Rxg1 Nxd5 25. exd5 Qe7 26. Qe3 Kb8 27. g3 gxh3 28. Rh1 Nh5 29. Rdg1 Qf6 30. g4 Qxh4 31. gxh5 Rf8 32. Re1 Qxh5 33. Rh2 Rg8 34. f4 Re7 35. fxe5 Rxe5 36. Qf2 Rxe1+ 37. Qxe1 Rg2 38. Rxg2 hxg2 39. Qg1 Qh1 40. Qxh1 gxh1Q+ 41. Ka2 f4 42. c4 f3 43. c5 f2 44. cxd6 cxd6 45. d4 f1Q 46. Kb3 Qd3+ 47. Ka2 Qhb1# 0-1

[Event "SLO-ch U10 Girls"]
[Site "Ptuj"]
[Date "2017.03.02"]
[Round "8"]
[White "Lapanje, Ajda"]
[Black "Guid, Taja"]
[Result "0-1"]
[WhiteElo "1500"]
[BlackElo "1227"]
[PlyCount "90"]
[EventDate "2017.02.27"]
[EventType "swiss"]
[EventRounds "9"]
[EventCountry "SLO"]
[SourceTitle "CBM 177 Extra"]
[Source "ChessBase"]
[SourceDate "2017.04.27"]
[SourceVersion "1"]
[SourceVersionDate "2017.04.27"]
[SourceQuality "1"]

1. e4 c5 2. Nc3 e6 3. Nf3 Nc6 4. Bb5 Nge7 5. d3 a6 6. Bxc6 Nxc6 7. Bf4 d5 8. d4 dxe4 9. Bg5 f6 10. Be3 exf3 11. dxc5 Qxd1+ 12. Rxd1 fxg2 13. Rg1 Bd7 14. Na4 Rd8 15. Nb6 Ne5 16. Rxg2 Bc6 17. Rxd8+ Kxd8 18. Bd2 Bxg2 19. Ba5 Nc6 20. Bd2 Bxc5 21. Nc4 b5 22. Ne3 Bxe3 23. Bxe3 Kc8 24. Bc5 Rd8 25. Ke2 Nd4+ 26. Ke3 Nxc2+ 27. Kf4 g5+ 28. Kg3 Be4 29. f3 Rd3 30. Kg4 Bxf3+ 31. Kg3 Bh5+ 32. Kf2 Rf3+ 33. Ke2 Rf5+ 34. Kd2 Rxc5 35. Kd3 Bg6+ 36. Kd2 Rd5+ 37. Kc3 b4+ 38. Kb3 e5 39. Kc4 Rd4+ 40. Kc5 e4 41. b3 e3 42. Kb6 e2 43. Kxa6 e1Q 44. Ka5 Qe5+ 45. Ka4 Be8# 0-1

[Event "SLO-ch U10 Girls"]
[Site "Ptuj"]
[Date "2017.03.01"]
[Round "6"]
[White "Sefic, Lana"]
[Black "Lapanje, Ajda"]
[Result "1-0"]
[WhiteElo "1048"]
[BlackElo "1500"]
[PlyCount "45"]
[EventDate "2017.02.27"]
[EventType "swiss"]
[EventRounds "9"]
[EventCountry "SLO"]
[SourceTitle "CBM 177 Extra"]
[Source "ChessBase"]
[SourceDate "2017.04.27"]
[SourceVersion "1"]
[SourceVersionDate "2017.04.27"]
[SourceQuality "1"]

1. f4 d5 2. d3 Nc6 3. Nc3 Nf6 4. Nf3 Bg4 5. e4 e6 6. Qe2 Bc5 7. exd5 Nxd5 8. Nxd5 Qxd5 9. c4 Qd6 10. h3 Bh5 11. Be3 0-0-0 12. Bxc5 Qxf4 13. Qe4 Qg3+ 14. Bf2 Qd6 15. c5 Qe7 16. Bh4 Qxc5 17. Bxd8 Rxd8 18. Be2 Qc2 19. Qxh7 Nd4 20. Nxd4 Rxd4 21. Qxh5 Rd5 22. Qxf7 Re5 23. Qe8# 1-0